Normal view
MARC view
- Values in heritage management
Entry Meeting Name
001 - CONTROL NUMBER
- control field: 123204
003 - CONTROL NUMBER IDENTIFIER
- control field: NUST
005 - DATE AND TIME OF LATEST TRANSACTION
- control field: 20240604152656.0
008 - FIXED-LENGTH DATA ELEMENTS
- fixed length control field: 240604|| aca||aabn | a|a d
040 ## - CATALOGING SOURCE
- Original cataloging agency: NUST
- Transcribing agency: NUST
111 ## - HEADING--MEETING NAME
- Meeting name or jurisdiction name as entry element: Values in heritage management
- Date of meeting: (2017 :
- Location of meeting: Getty Conservation Institute),
- Relator term: author
670 ## - SOURCE DATA FOUND
- Source citation: Work cat.: (NUST)0: Values in heritage management (2017 : Getty Conservation Institute), author., Values in heritage management :
